[Event "26th Liechtenstein Open"]
[Site "Triesen LIE"]
[Date "2008.04.26"]
[Round "2"]
[White "Mayr,M"]
[Black "Dittmar,P"]
[Result "0-1"]
[WhiteElo "2080"]
[BlackElo "2338"]

1.Nf3 d5 2.c4 d4 3.g3 Nc6 4.Bg2 e5 5.O-O e4 6.Ne1 f5 7.d3 Qe7 8.dxe4 fxe4
9.b4 Qxb4 10.Bxe4 Qxc4 11.Bb2 Bh3 12.Ng2 Nf6 13.Bxc6+ Qxc6 14.f3 O-O-O 15.Qd3 Qb6
16.Ba3 Qa5 17.Rc1 Bf5 18.Qb3 Qb6 19.Qa4 d3+ 20.e3 d2 21.Rd1 Bd7 22.Qc2 Qc6
23.Qxc6 Bxc6 24.Bxf8 Rhxf8 25.Nxd2 Rd3 26.Kf2 Rxd2+ 27.Rxd2 Ne4+ 28.Ke1 Nxd2
29.Kxd2 Rxf3 30.Ke2 Rf6 31.Nf4 g5 32.Nh5 Bf3+  0-1

[Event "3rd Open"]
[Site "Angers FRA"]
[Date "2008.04.27"]
[Round "5"]
[White "Beaugeard,M"]
[Black "Caillot,A"]
[Result "1/2-1/2"]
[WhiteElo "1907"]
[BlackElo "1755"]

1.Nf3 d5 2.c4 c6 3.e3 Nf6 4.Nc3 Bg4 5.d4 e6 6.h3 Bh5 7.c5 Be7 8.g4 Bg6 9.Ne5 Nbd7
10.Nxg6 hxg6 11.Bg2 b6 12.cxb6 axb6 13.e4 dxe4 14.Nxe4 Nd5 15.a3 Qc7 16.Qf3 Qa7
17.O-O b5 18.Be3 Qb6 19.Rfc1 O-O 20.Nc5 Nxc5 21.dxc5 Qa7 22.Bd4 Rfd8 23.Qe4 Qa4
24.b4 Qa7 25.Rd1 Qd7 26.Rd3 Nxb4 27.Rd2 Nd5 28.Be3 Ra4 29.Qb1 Qa7 30.Bxd5 Rxd5
31.Rxd5 exd5 32.Qd3 Bxc5 33.Bxc5 Qxc5 34.Qg3 b4 35.Re1 Ra8 36.axb4 Qxb4 37.Rc1 Rc8
38.Qe5 Qe4 39.Qd6 c5 40.Rxc5 Qe1+  1/2-1/2

[Event "TCh-HUN 2007-8"]
[Site "Budapest HUN"]
[Date "2008.04.27"]
[Round "10"]
[White "Grunberg,M"]
[Black "Pinter,G"]
[Result "1/2-1/2"]
[WhiteElo "2427"]
[BlackElo "2362"]

1.Nf3 d5 2.c4 c6 3.e3 Nf6 4.d4 a6 5.Qc2 g6 6.Bd3 Bg7 7.O-O O-O 8.Nbd2 Nbd7
9.e4 dxe4 10.Nxe4 Nxe4 11.Bxe4 e5 12.Bg5 f6 13.Bh4 exd4 14.Nxd4 Nc5 15.Rad1 Nxe4
16.Qxe4 Qe8  1/2-1/2

[Event "III Tch-ESP Selecciones Autonomicas"]
[Site "Melilla ESP"]
[Date "2008.05.01"]
[Round "3"]
[White "Andres Gonzalez,I"]
[Black "Alsina Leal,D"]
[Result "0-1"]
[WhiteElo "2324"]
[BlackElo "2483"]

1.Nf3 d5 2.c4 d4 3.g3 Nc6 4.d3 e5 5.Bg2 Nf6 6.O-O Bd6 7.a3 a5 8.e3 O-O 9.exd4 exd4
10.Re1 Bf5 11.Nh4 Bg4 12.f3 Bd7 13.f4 Ng4 14.Nf3 Re8 15.h3 Ne3 16.Bxe3 Rxe3
17.Rxe3 dxe3 18.Nc3 Qf6 19.Qe2 Nd4 20.Nxd4 Qxd4 21.Re1 Re8 22.Ne4 Bf5 23.Kh2 Bg6
24.Bf3 Bf8 25.Kg2 Rd8 26.Rd1 h6 27.Kh2 c6 28.Kg2 f5 29.Nc3 Bxa3 30.bxa3 Qxc3
31.Qxe3 Qxa3 32.Qe6+ Kh7 33.Qe2 Qc3 34.Rd2 a4 35.Qd1 a3 36.Be2 Ra8 37.Ra2 b5
38.Qb1 b4 39.Bd1 Rd8 40.Be2 c5 41.Rc2 Qd4 42.Qb3 Be8  0-1

[Event "IX EICC"]
[Site "Plovdiv BUL"]
[Date "2008.05.01"]
[Round "10"]
[White "Milchev,N"]
[Black "Bogdanovski,V"]
[Result "1-0"]
[WhiteElo "2415"]
[BlackElo "2391"]

1.Nf3 d5 2.c4 c6 3.d4 Nf6 4.Nc3 a6 5.cxd5 cxd5 6.Bf4 Nc6 7.Rc1 Bf5 8.e3 e6
9.Qb3 Ra7 10.Ne5 Nd7 11.Nxc6 bxc6 12.Be2 c5 13.Qa4 Qb6 14.O-O Be7 15.dxc5 Bxc5
16.e4 dxe4 17.Qc4 Qa5 18.Na4 Be7 19.Be3 Ra8 20.Nb6 Ne5 21.Qc7 Rd8 22.Bc5 Bxc5
23.Rxc5 Qd2 24.Bxa6 Nf3+ 25.gxf3 O-O 26.Nc4 Qe2 27.Bb5 Bh3 28.Ne3 Qxf3 29.Re1 Rd2
30.Qg3 Rxb2 31.a4 f5 32.Rc7 g6 33.Bf1 Bxf1 34.Rxf1 Qxg3+ 35.hxg3 Ra2 36.Ra7 Rf7
37.Ra8+ Kg7 38.a5 Rc7 39.Rb1 Kf6 40.a6 Kg5 41.Kg2 Rc3 42.Kg1 Rc6 43.a7 Rca6
44.Re8 Kf6 45.Rbb8 Rxa7 46.Rb6 Kg5 47.Rexe6 Re2 48.Ra6 Rb7 49.Reb6 Rd7 50.Rb1 Rdd2
51.Rf1 Rb2 52.Ra7 Kh6 53.Rf7 Rb5 54.Kg2 Rb3 55.Nd1 Rd2 56.Kg1 Rf3 57.Ne3 Ra2
58.Nd5 Rd2 59.Ne3 Ra2 60.Ng2 g5 61.Ne1 Kg6 62.Nxf3 Kxf7 63.Nxg5+ Kg6 64.Nh3 Kh5
65.Nf4+ Kg4 66.Ng2 h5 67.Ne3+ Kg5 68.Rd1 h4 69.gxh4+ Kxh4 70.Nxf5+ Kg5 71.Nd4 Kf4
72.Re1 Ra3 73.Ne6+ Kf5 74.Nc5  1-0

[Event "IX EICC"]
[Site "Plovdiv BUL"]
[Date "2008.05.02"]
[Round "11"]
[White "Moor,R"]
[Black "Mudelsee,M"]
[Result "1-0"]
[WhiteElo "2378"]
[BlackElo "2284"]

1.Nf3 d5 2.c4 c6 3.g3 Nf6 4.Bg2 dxc4 5.O-O Nbd7 6.Qc2 Nb6 7.a4 a5 8.Na3 Qd5
9.Ne1 Qf5 10.e4 Qh5 11.Nxc4 Nxc4 12.Qxc4 e5 13.d4 Bg4 14.dxe5 Be2 15.Qb3 Ng4
16.h3 Nxe5 17.Qxb7 Rd8 18.Bf4 Bxf1 19.Bxf1 Bc5 20.Qa6 O-O 21.Be2 Qxh3 22.Bxe5 Rde8
23.Bc7 Rxe4 24.Bf3 Qf5 25.Kg2 Re7 26.Qxa5 Rd7 27.Bb6 Rd5 28.Bxc5 Rxc5 29.Qd2 g5
30.Rc1 Rxc1 31.Qxc1 c5 32.a5 g4 33.Bb7 Re8 34.a6 Re2 35.Nd3 Qd7 36.Qg5+ Kh8
37.Qf6+ Kg8 38.Nxc5  1-0

[Event "26th Liechtenstein Open"]
[Site "Triesen LIE"]
[Date "2008.05.02"]
[Round "8"]
[White "Mayr,M"]
[Black "Mira,H"]
[Result "1/2-1/2"]
[WhiteElo "2080"]
[BlackElo "2147"]

1.Nf3 d5 2.c4 d4 3.g3 c5 4.d3 Nc6 5.Bg2 e5 6.O-O Nf6 7.e4 Bd6 8.Na3 O-O 9.Nc2 a6
10.Bd2 b5 11.b3 Rb8 12.Rb1 Bd7 13.Qe1 Qc8 14.Nh4 Re8 15.Bg5 Be7 16.Nf5 Bxf5
17.exf5 bxc4 18.bxc4 Rxb1 19.Qxb1 e4 20.Ne1 Qxf5 21.Bxf6 Qxf6 22.Bxe4 Ne5
23.h3 Qd6 24.f4 Nd7 25.Rf2 Nf6  1/2-1/2

[Event "Stuttgarter Stadtmeisterschaft A"]
[Site "Ditzingen GER"]
[Date "2008.05.03"]
[Round "5"]
[White "Wenner,T"]
[Black "Reinhart,E"]
[Result "0-1"]
[WhiteElo "2228"]
[BlackElo "2298"]

1.Nf3 d5 2.c4 c6 3.g3 Nf6 4.Bg2 Bf5 5.b3 h6 6.Bb2 e6 7.O-O Be7 8.d3 O-O 9.Nbd2 Nbd7
10.Qc2 Bh7 11.a3 Rc8 12.b4 c5 13.b5 d4 14.Rfe1 Bd6 15.e3 e5 16.exd4 exd4
17.Nb3 Qc7 18.a4 Rce8 19.a5 Ng4 20.Rxe8 Rxe8 21.Re1 Nge5 22.Nxe5 Nxe5 23.Qd1 Qe7
24.Be4 Bxe4 25.dxe4 Nxc4 26.Qc2 Nxb2 27.Qxb2 Qd7 28.Nd2 f5 29.Qb3+ Qf7 30.Qxf7+ Kxf7
31.Nc4 Bb8 32.f3 fxe4 33.Rxe4 Rxe4 34.fxe4 h5 35.Kf2 g5 36.h3 g4 37.hxg4 hxg4
38.b6 axb6 39.axb6 Ke6 40.Na5 Kd7 41.Nxb7 Kc6 42.Nd8+ Kxb6 43.Nf7 c4 44.e5 Kc6
45.e6 Bd6 46.e7 Bxe7 47.Ne5+ Kd5 48.Nxg4 Bg5  0-1

[Event "4NCL 2007-8"]
[Site "Wokefield Park ENG"]
[Date "2008.05.03"]
[Round "9"]
[White "Devereaux,M"]
[Black "Rowson,J"]
[Result "1/2-1/2"]
[WhiteElo "2348"]
[BlackElo "2580"]

1.Nf3 d5 2.c4 d4 3.e3 Nc6 4.exd4 Nxd4 5.Nxd4 Qxd4 6.Nc3 c6 7.d3 Nh6 8.Be3 Qd8
9.d4 Nf5 10.Qd2 g6 11.Be2 Bg7 12.Rd1 O-O 13.O-O Qa5 14.Qc1 Rd8 15.d5 cxd5
16.Nxd5 Be6 17.b4 Qxa2 18.Rd2 Qa4 19.Nc7 Nxe3 20.Rxd8+ Rxd8 21.Nxe6 Nxf1
22.Nxd8 Qd7 23.Nxf7 Nd2 24.Ng5 Bh6 25.h4 Qd4 26.Qd1 Bxg5 27.hxg5 e5 28.Bf3 Nxf3+
29.Qxf3 Qxc4 30.Qxb7 Qc1+ 31.Kh2 Qf4+ 32.Kg1 Qc1+  1/2-1/2

[Event "Victory Day A"]
[Site "Moscow RUS"]
[Date "2008.05.04"]
[Round "11"]
[White "Reshetnikov,A"]
[Black "Morozov,G"]
[Result "1/2-1/2"]
[WhiteElo "2402"]
[BlackElo "2357"]

1.Nf3 d5 2.c4 e6 3.d4 c6 4.cxd5 exd5 5.Nc3 Nf6 6.Bg5 Be7 7.Qc2 Bg4 8.e3 Nbd7
9.Bd3 Bh5 10.O-O Bg6 11.Rab1 Bxd3 12.Qxd3 O-O 13.b4 a6 14.a4 h6 15.Bf4 a5
16.b5 c5 17.dxc5 Nxc5 18.Qd1 Nce4 19.Rc1 Bb4 20.Be5 Bxc3 21.Bxc3 Nxc3 22.Rxc3 Rc8
23.Rxc8 Qxc8 24.Qd2 Qd8 25.Rc1 Ne4 26.Qc2 Qf6 27.Nd4 b6 28.Nc6 Re8 29.h3 Qg5
30.Nd4 Nc5 31.Nb3 Ne4 32.Nd4 Nc5 33.Nb3 Nxb3 34.Qxb3 d4 35.Re1 dxe3 36.Rxe3 Rxe3
37.fxe3 Qf6 38.Qc4  1/2-1/2

[Event "4NCL 2007-8"]
[Site "Sunningdale ENG"]
[Date "2008.05.05"]
[Round "11"]
[White "Kosten,A"]
[Black "Cox,JohnJ"]
[Result "1-0"]
[WhiteElo "2496"]
[BlackElo "2380"]

1.Nf3 d5 2.c4 e6 3.b3 Nf6 4.Bb2 Be7 5.g3 O-O 6.Bg2 c5 7.O-O Nc6 8.e3 dxc4
9.bxc4 Qb6 10.Qc1 Rd8 11.Rd1 Qc7 12.Na3 Bd7 13.Nc2 a6 14.d4 Na5 15.Ne5 cxd4
16.exd4 Ba4 17.Re1 Nd7 18.Nxd7 Rxd7 19.Ne3 Bg5 20.f4 Bf6 21.d5 Bxb2 22.Qxb2 Nxc4
23.Nxc4 Qxc4 24.Rac1 Qb5 25.Qxb5 Bxb5 26.dxe6 fxe6 27.Bh3 Kh8 28.Bxe6 Rd2
29.Red1 Rxd1+ 30.Rxd1 g6 31.Rd6 Re8 32.Kf2 Kg7 33.g4 Kf8 34.f5 Ke7 35.Rb6 Bc6
36.Rb2 Rd8 37.Ke3 gxf5 38.Bxf5 h6 39.h4 Kf6 40.Rf2 Ke5 41.Bd3 Bd7 42.Rf4 Rg8
43.Be2 Rg7 44.Re4+ Kd6 45.Bf3 b5 46.Rd4+ Kc5 47.Rd5+ Kb4 48.Rd6 a5 49.Kf4 Ka3
50.Rxh6 Kxa2 51.Ra6 a4 52.Bd5+ Kb2 53.g5 Be8 54.Re6 Bh5 55.Rb6 Be2 56.g6 a3
57.Kg5 Rd7 58.Be6 a2 59.Ra6 Bc4 60.Bxd7 b4 61.Rxa2+  1-0

[Event "11th IHEM"]
[Site "Hamburg GER"]
[Date "2008.05.11"]
[Round "2"]
[White "Beikert,G"]
[Black "Adly,A"]
[Result "0-1"]
[WhiteElo "2449"]
[BlackElo "2578"]

1.Nf3 d5 2.c4 e6 3.d4 Nf6 4.Bg5 c6 5.Nc3 Nbd7 6.e3 Qa5 7.Nd2 Bb4 8.Qc2 Ne4
9.Ncxe4 dxe4 10.Bh4 O-O 11.a3 e5 12.O-O-O Bxd2+ 13.Qxd2 Qxd2+ 14.Rxd2 exd4
15.exd4 Re8 16.Be2 Nb6 17.b3 Bf5 18.g4 Bg6 19.Bg5 f6 20.Bf4 Nd7 21.Kb2 c5
22.d5 a5 23.h4 h6 24.Bd1 Ne5 25.Kc3 Kf7 26.Rh3 Re7 27.Re3 Rae8 28.Bxe5 Rxe5
29.h5 Bh7 30.Rde2 f5 31.gxf5 Bxf5 32.f4 R5e7 33.Re1 Kf6 34.a4 b6 35.Kd2 g5
36.hxg6 Bxg6 37.Rh1 Rh8 38.Reh3 Reh7 39.Ke3 Bf5 40.Rh5 Bg6 41.Re5 Re7 42.Bh5 Bf5
43.Rxe7 Kxe7 44.Rg1 Kf6 45.Rg2 Rd8 46.Bg4 Rg8 47.Bh3 Rxg2 48.Bxg2 Bg4 49.Kxe4 Bf5+
50.Ke3 Bc2 51.Bh3 Bxb3 52.Bd7 Bxc4 53.d6 Be6 54.Be8 Bf5  0-1

[Event "Kaupthing Open"]
[Site "Differdange LUX"]
[Date "2008.05.14"]
[Round "6"]
[White "Gharamian,T"]
[Black "Velicka,P"]
[Result "1/2-1/2"]
[WhiteElo "2554"]
[BlackElo "2496"]

1.Nf3 d5 2.c4 d4 3.g3 Nf6 4.Bg2 Nc6 5.d3 e5 6.O-O Nd7 7.e3 Be7 8.exd4 exd4
9.Na3 Nc5 10.Nc2 a5 11.Re1 O-O 12.b3 Bf5 13.Ne5 Nxe5 14.Rxe5 Bxd3 15.Rd5 Bxc2
16.Qxc2 Qe8 17.Qf5  1/2-1/2

[Event "Capo d'Orso Open"]
[Site "Porto Mannu Palau ITA"]
[Date "2008.05.17"]
[Round "1"]
[White "Djuric,S"]
[Black "Ibba,I"]
[Result "1/2-1/2"]
[WhiteElo "2460"]
[BlackElo "2222"]

1.Nf3 d5 2.c4 e6 3.g3 Nf6 4.Bg2 c6 5.d4 Bd6 6.Nc3 Nbd7 7.Nd2 O-O 8.O-O Re8
9.e4 dxe4 10.Ndxe4 Nxe4 11.Nxe4 Bc7 12.Bg5 f6 13.Be3 Qe7 14.d5 cxd5 15.cxd5 Bb6
16.dxe6 Nc5 17.Bxc5 Bxc5 18.Qh5 Bd4 19.Nd6 g6 20.Qb5 Rd8 21.Nxc8 Raxc8 22.Rae1 Rc2
23.Qxb7 Kf8 24.b3 Rxa2 25.Qc6 Bb6 26.Bd5 Rd6 27.Qc8+ Rd8 28.Qc4 Rd2 29.Bf3 R8d4
30.Qb5 Rd6 31.Re4 Rxe6 32.Rc4 Re1 33.Rc1 Rxf1+ 34.Rxf1 Rxf2 35.Rxf2 Qe1+
36.Qf1 Bxf2+ 37.Kg2 Qxf1+ 38.Kxf1 Bb6 39.b4 Kg7 40.b5 h5 41.h4  1/2-1/2

[Event "11th North American FIDE Inv"]
[Site "Chicago USA"]
[Date "2008.05.18"]
[Round "3"]
[White "Tate,E"]
[Black "Monokroussos,D"]
[Result "1/2-1/2"]
[WhiteElo "2378"]
[BlackElo "2327"]

1.Nf3 d5 2.c4 c6 3.Qc2 Nf6 4.g3 g6 5.Bg2 Bg7 6.O-O O-O 7.d3 Nbd7 8.cxd5 Nxd5
9.d4 e5 10.e4 N5b6 11.a4 a5 12.Bg5 Qe8 13.Be3 exd4 14.Nxd4 Ne5 15.Nb3 Nbc4
16.Bc5 Nxb2 17.f4 Ned3 18.Bxf8 Qxf8 19.e5 Qb4 20.Ra2 Be6 21.Rxb2 Nxb2 22.Qxb2 Qxb3
23.Qxb3 Bxb3 24.Nc3 Bc2 25.Rf2 Bf5 26.Rb2 Ra7 27.Ne4 Bxe4 28.Bxe4 Kf8 29.Bd3 Ke8
30.Kg2 Bf8 31.Kf3 Bb4 32.f5 gxf5 33.Bxf5 h6 34.Kg4 Bc3 35.Re2 b5 36.Kh5 bxa4
37.Be4 a3 38.Bxc6+ Ke7 39.Bd5 Rd7 40.Bxf7 Rb7 41.Ba2 Rb2 42.Rxb2 axb2 43.e6 b1=R
44.Bxb1 Kxe6 45.Kxh6 Be5 46.Kg5 a4 47.Ba2+ Ke7 48.Kf5 Bc7 49.Kg4 Kf6 50.Kf3 a3
51.h4 Bxg3 52.Kxg3  1/2-1/2

[Event "Capo d'Orso Open"]
[Site "Porto Mannu Palau ITA"]
[Date "2008.05.19"]
[Round "3"]
[White "Cocchi,A"]
[Black "Diotallevi,M"]
[Result "1-0"]
[WhiteElo "2316"]
[BlackElo "2096"]

1.Nf3 d5 2.c4 e6 3.e3 Nf6 4.b3 Be7 5.Bb2 O-O 6.d4 b6 7.Bd3 Bb7 8.O-O Nbd7
9.Nc3 c5 10.Qe2 cxd4 11.exd4 Bd6 12.Rad1 Re8 13.Ne5 Rc8 14.cxd5 exd5 15.f4 Nf8
16.Nb5 Bb8 17.Rfe1 Ne6 18.Bf5 Ne4 19.Bxh7+  1-0

[Event "Frank K Berry ch-USA"]
[Site "Tulsa USA"]
[Date "2008.05.19"]
[Round "7"]
[White "Kraai,J"]
[Black "Galant,S"]
[Result "1-0"]
[WhiteElo "2509"]
[BlackElo "2235"]

1.Nf3 d5 2.c4 e6 3.d4 c5 4.g3 Nc6 5.Bg2 dxc4 6.Qa4 Qa5+ 7.Qxa5 Nxa5 8.O-O Bd7
9.Bd2 Nc6 10.Na3 Nxd4 11.Nxd4 cxd4 12.Nxc4 Rc8 13.Rac1 b6 14.Bf4 f6 15.Bb7 Rc5
16.b4 Rf5 17.Nd6+ Bxd6 18.Bxd6 Nh6 19.Be4 Rh5 20.Bf3 Rf5 21.g4 Nxg4 22.Rc7 Ne5
23.Bxe5 Rxe5 24.Rfc1 Ke7 25.Rxa7 Rd8 26.Kf1 Rf5 27.Be4 Rh5 28.a4 Rxh2 29.a5 bxa5
30.bxa5 f5 31.Bg2 Kd6 32.a6 g5 33.Ra8 Rxa8 34.Bxa8 Rh3 35.Ra1 Kc7 36.a7 Bc8
37.Bg2  1-0

[Event "Capo d'Orso Open"]
[Site "Porto Mannu Palau ITA"]
[Date "2008.05.20"]
[Round "4"]
[White "Spielmann,Al"]
[Black "Hillarp Persson,T"]
[Result "0-1"]
[WhiteElo "2308"]
[BlackElo "2491"]

1.Nf3 d5 2.c4 c6 3.e3 Nf6 4.d4 Bf5 5.Bd3 Bxd3 6.Qxd3 e6 7.O-O Nbd7 8.Nbd2 Be7
9.Rd1 Qa5 10.e4 Qa6 11.b3 Rd8 12.e5 Ng4 13.h3 Nh6 14.Nf1 Nf5 15.Qc2 h5 16.Bg5 Bxg5
17.Nxg5 Nb6 18.c5 Nc8 19.Rd3 h4 20.Rad1 Nce7 21.Qd2 Rh5 22.g4 hxg3 23.fxg3 Ng6
24.g4 Rxg5 25.Qxg5 Nfh4 26.R1d2 b6 27.b4 bxc5 28.bxc5 Rb8 29.Kh2 Rb1 30.Ng3 Qc4
31.Qe3 Qc1 32.Qf2 Nf4 33.Rc2 Nxd3 34.Rxc1 Rxc1 35.Qe3 Rc2+ 36.Kg1 Ne1 37.Ne2 Nef3+
38.Kf1 Rxa2 39.Qc3 Nd2+ 40.Ke1 Ne4 41.Qb4 Ra1+ 42.Nc1 Rxc1+ 43.Ke2 Rb1 44.Qa5 Rb2+
45.Kd1 Nf2+  0-1

[Event "XXVII Open"]
[Site "Zalakarosi HUN"]
[Date "2008.05.22"]
[Round "1"]
[White "Petschar,H"]
[Black "Varga,Cs2"]
[Result "0-1"]
[WhiteElo "2084"]
[BlackElo "2356"]

1.Nf3 d5 2.c4 d4 3.e3 Nc6 4.exd4 Nxd4 5.Nxd4 Qxd4 6.Nc3 c6 7.d3 Nh6 8.Be3 Qd8
9.d4 Nf5 10.Be2 g6 11.Qd2 Bg7 12.Rd1 O-O 13.O-O Nxe3 14.fxe3 e5 15.d5 Bh6
16.Kh1 Qh4 17.Rf3 e4 18.g3 Qe7 19.d6 Qe5 20.Nxe4 Bf5 21.Nf2 Rae8 22.Qd4 Qxd4
23.Rxd4 Rxe3 24.Bd1 Rxf3 25.Bxf3 Be3 26.Rd1 Bxf2 27.b4 Rd8 28.c5 a5 29.a3 axb4
30.axb4 Be3 31.h4 Bd7 32.Ra1 Bd2 33.Ra7 Bxb4  0-1

[Event "ch-LTU"]
[Site "Kaunas LTU"]
[Date "2008.05.24"]
[Round "10"]
[White "Butnorius,A"]
[Black "Vaznonis,V"]
[Result "1/2-1/2"]
[WhiteElo "2442"]
[BlackElo "2417"]

1.Nf3 d5 2.c4 c6 3.d4 Nf6 4.Qc2 e6 5.g3 Nbd7 6.Bg2 Be7 7.O-O O-O 8.Rd1 b6
9.Bf4 Bb7 10.Nc3 dxc4 11.Nd2 Nd5 12.Nxc4 Nxf4 13.gxf4 Nf6 14.e3 Qc7 15.Ne5 c5
16.d5 exd5 17.Nxd5 Nxd5 18.Bxd5 Rad8 19.Qe4 Bxd5 20.Rxd5 Rxd5 21.Qxd5 Bf6
22.Nd7 Rd8 23.Nxf6+ gxf6 24.Qg2+ Kh8 25.Kh1 Rg8 26.Qf3 Qd7 27.Rd1 Qf5 28.e4 Qg4
29.Qxg4 Rxg4 30.f3 Rxf4 31.Kg2 Rh4 32.Rd7 Kg7 33.Rxa7 f5 34.Kg3 Rh5 35.e5 f4+
36.Kxf4 Rxh2 37.Kf5 Rh5+ 38.Ke4 Rh2 39.f4 Rxb2 40.f5 Re2+ 41.Kf4 Rf2+ 42.Kg4 h5+
43.Kg5 Rg2+ 44.Kxh5 Kf8 45.Rb7 f6 46.Rb8+ Ke7 47.Rb7+ Kf8 48.Rxb6 fxe5 49.a4 Kf7
50.a5 c4 51.a6 c3 52.Rc6 Ra2 53.f6 e4 54.Kg5 Ra5+ 55.Kf4 c2  1/2-1/2

[Event "XXVII Open"]
[Site "Zalakarosi HUN"]
[Date "2008.05.26"]
[Round "5"]
[White "Lenz,A"]
[Black "Straubinger,D"]
[Result "1/2-1/2"]
[WhiteElo "2215"]
[BlackElo "2111"]

1.Nf3 d5 2.c4 c6 3.e3 Nf6 4.Nc3 e6 5.b3 Nbd7 6.Qc2 Bd6 7.Bb2 O-O 8.Be2 Re8
9.g4 Nf8 10.g5 N6d7 11.h4 Ne5 12.Nxe5 Bxe5 13.f4 Bd6 14.O-O-O e5 15.fxe5 Bxe5
16.d4 Bg3 17.e4 dxe4 18.Nxe4 Bf5 19.Bd3 Bxe4 20.Bxe4 Bxh4 21.Kb1 Qxg5 22.d5 Qe7
23.Bd3 h6 24.d6 Qd8 25.d7 Re6 26.Bf5 Bf6 27.Bxe6 Nxe6 28.Bxf6 Qxf6 29.Rhf1 Qe7
30.Rfe1 Rd8 31.Qd2 Qg5 32.Qd6 Qf5+ 33.Kb2 Qf6+ 34.Kb1 Qf5+ 35.Kb2 Qf6+  1/2-1/2

[Event "XXVII Open"]
[Site "Zalakarosi HUN"]
[Date "2008.05.26"]
[Round "5"]
[White "Nguyen Huynh Minh Huy"]
[Black "Varga,Cs2"]
[Result "0-1"]
[WhiteElo "2482"]
[BlackElo "2356"]

1.Nf3 d5 2.c4 d4 3.g3 Nc6 4.Bg2 e5 5.d3 Be7 6.O-O Nf6 7.b4 Nd7 8.b5 Ncb8
9.e3 O-O 10.exd4 exd4 11.Bb2 c5 12.bxc6 Nxc6 13.Nxd4 Nxd4 14.Bxd4 Nc5 15.Bc3 Qxd3
16.Qxd3 Nxd3 17.Nd2 Rb8 18.Be4 Rd8 19.Rfd1 Bg4 20.Bf3 Bxf3 21.Nxf3 Bc5 22.Be1 f6
23.Rd2 Rd7 24.Re2 Kf7 25.Kf1 Nxe1 26.Rexe1 Rbd8 27.Rab1 b6 28.Rb3 a5 29.Kg2 Rd1
30.Rb1 Rxb1 31.Rxb1 Rd3 32.Rc1 a4 33.Rc2 Rd1 34.Nd2 f5 35.Kf3 Re1 36.h3 Ke6
37.Rc3 Ke5 38.Rd3 Ra1 39.g4 g6  0-1

[Event "XXX Nezhmetdinov Mem"]
[Site "Kazan RUS"]
[Date "2008.06.04"]
[Round "4"]
[White "Mustakayev,A"]
[Black "Bitkinin,L"]
[Result "1-0"]
[WhiteElo "2320"]
[BlackElo "2142"]

1.Nf3 d5 2.c4 e6 3.g3 Nf6 4.Bg2 b6 5.O-O Bb7 6.b3 Nbd7 7.Bb2 Be7 8.d3 O-O
9.Nbd2 c5 10.e3 Qc7 11.Rc1 Rfd8 12.Qe2 e5 13.cxd5 Nxd5 14.a3 Rac8 15.Nc4 Bf6
16.e4 Ne7 17.Ne3 g6 18.Bh3 Bg7 19.Bc3 Ba6 20.Rfd1 f6 21.Nh4 Rf8 22.f4 exf4
23.gxf4 Rcd8 24.Be6+ Kh8 25.Qg4 Bb7 26.f5 g5 27.Nf3 Qf4 28.Qxf4 gxf4 29.Nc4 Nb8
30.a4 Na6 31.Na3 Nc7 32.Bc4 Nc6 33.Kf2 Ne5 34.Bxe5 fxe5 35.Nb5 Nxb5 36.axb5 Bf6
37.Ra1 Ra8 38.Ra2 Rfd8 39.Rg1 a6 40.bxa6 Bc6 41.Ke2 Ra7 42.h4 b5 43.Be6 Bb7
44.Rga1  1-0

[Event "ch-CHN w"]
[Site "Beijing CHN"]
[Date "2008.06.05"]
[Round "8"]
[White "Zhao Xue"]
[Black "Shen Yang"]
[Result "0-1"]
[WhiteElo "2523"]
[BlackElo "2439"]

1.Nf3 d5 2.c4 c6 3.e3 Nf6 4.Qc2 a6 5.b3 Bg4 6.d4 e6 7.Bd3 Nbd7 8.Nbd2 Be7
9.O-O Bh5 10.Bb2 Bg6 11.Ne5 dxc4 12.Ndxc4 Bxd3 13.Nxd3 O-O 14.b4 Qc7 15.a3 Rfc8
16.Rac1 b6 17.Nce5 Nxe5 18.Nxe5 c5 19.dxc5 bxc5 20.Rfd1 Qb7 21.bxc5 Rxc5
22.Qe2 Rb8 23.Rxc5 Bxc5 24.Nd3 Be7 25.h3 Rc8 26.Rc1 Rxc1+ 27.Nxc1 Nd5 28.Qc2 f6
29.Nd3 Kf7 30.Bc1 Nb6 31.Kf1 Qd5 32.Ne1 Qb5+ 33.Kg1 g6 34.f3 a5 35.Kf2 a4
36.Nd3 e5 37.Ke2 Nc4 38.Qc3 Ke6 39.Kd1 Qb3+ 40.Qxb3 axb3 41.e4 Kd7 42.a4 Kc6
43.f4 Bc5 44.fxe5 fxe5 45.Nb2 Nd6 46.Ke2 Nxe4 47.Kd3 Kd5 48.a5 Bd4 49.Nd1 Nc5+
50.Kd2 Kc4 51.Bb2 Kb5 52.Bc3 Ne4+ 53.Kd3 Nxc3 54.Nxc3+ Kxa5  0-1

[Event "TCh-BIH"]
[Site "Neum BIH"]
[Date "2008.06.06"]
[Round "3"]
[White "Bogosavljevic,B"]
[Black "Somborski,N"]
[Result "1-0"]
[WhiteElo "2492"]
[BlackElo "2351"]

1.Nf3 d5 2.c4 e6 3.g3 Nf6 4.Bg2 Be7 5.O-O O-O 6.d4 dxc4 7.Qc2 a6 8.a4 Bd7
9.Qxc4 Bc6 10.Bg5 Bd5 11.Qd3 Be4 12.Qe3 Nbd7 13.Nc3 Bxf3 14.Qxf3 c6 15.Rfd1 Qa5
16.Ne4 Rfe8 17.Bd2 Bb4 18.Qb3 Bxd2 19.Nxd2 Qb6 20.Qxb6 Nxb6 21.Nb3 a5 22.Nc5 Nbd5
23.e4 Ne7 24.f3 Red8 25.Bf1 b6 26.Nb3 Ra7 27.Be2 Rad7 28.Kf2 Ne8 29.Ke3 Nd6
30.Rac1 Kf8 31.g4 f5 32.gxf5 exf5 33.Bf1 g6 34.Bg2 Kg7 35.e5 f4+ 36.Kxf4 Ndf5
37.Bh3 c5 38.Rd2 cxd4 39.Ke4 Rd5 40.f4 Kf7 41.Rd3 h6 42.Rc7 Kf8 43.Nd2 Ne3
44.Nc4 N3f5 45.Nxb6  1-0

[Event "XXX Nezhmetdinov Mem"]
[Site "Kazan RUS"]
[Date "2008.06.07"]
[Round "7"]
[White "Amirkhanov,Ro"]
[Black "Tokarev,I"]
[Result "0-1"]
[WhiteElo "2278"]
[BlackElo "2223"]

1.Nf3 d5 2.c4 c6 3.g3 Bg4 4.Ne5 Be6 5.d4 Nd7 6.Nf3 dxc4 7.Bg2 Ngf6 8.O-O Nb6
9.Ng5 Bg4 10.h3 Bh5 11.a4 a5 12.g4 Bg6 13.f4 Bxb1 14.Rxb1 e6 15.b3 c3 16.Qd3 Bb4
17.f5 Qd7 18.fxe6 fxe6 19.Bf4 O-O-O 20.Be5 h5 21.gxh5 Rxh5 22.Nf3 Qe8 23.Bh2 Nbd7
24.Qc2 Nf8 25.e3 Qg6 26.Ne1 Qxc2 27.Nxc2 Ng6 28.Rf2 Nh4 29.Be5 Nd7 30.Bg3 Nxg2
31.Kxg2 Rdh8 32.Rh1 Nf6 33.Be5 Ng4 34.Rf7 Nxe5 35.dxe5 Rd8 36.Rhf1 Rd2+ 37.R1f2 Rxe5
38.Rxg7 Rxf2+ 39.Kxf2 Rd5 40.Rg2 Rd1 41.h4 Rh1 42.Kg3 Be7 43.Rh2 Bd6+  0-1

[Event "TCh-BIH"]
[Site "Neum BIH"]
[Date "2008.06.07"]
[Round "4"]
[White "Bogosavljevic,B"]
[Black "Gyimesi,Z"]
[Result "1/2-1/2"]
[WhiteElo "2492"]
[BlackElo "2600"]

1.Nf3 d5 2.c4 e6 3.g3 dxc4 4.Qa4+ Nd7 5.Qxc4 a6 6.Qc2 b5 7.Bg2 Bb7 8.O-O Ngf6
9.Nc3 c5 10.a4 Qb6 11.axb5 axb5 12.Rxa8+ Bxa8 13.d4 Be7 14.Rd1 Bxf3 15.Bxf3 cxd4
16.Ne4 O-O 17.Qc6 Qxc6 18.Nxf6+ Bxf6 19.Bxc6 Nc5 20.Bxb5 Nb3 21.Bc4 Nxc1
22.Rxc1 d3 23.Bxd3 Bxb2 24.Rb1  1/2-1/2

[Event "ch-PAR"]
[Site "Asuncion PAR"]
[Date "2008.06.08"]
[Round "4"]
[White "Recalde,Ar"]
[Black "Recalde,Au"]
[Result "0-1"]
[WhiteElo "2010"]
[BlackElo "2005"]

1.Nf3 d5 2.c4 c6 3.b3 Bf5 4.g3 Nf6 5.Bg2 e6 6.O-O Nbd7 7.Bb2 Bd6 8.d3 O-O
9.Nbd2 Qe7 10.Qc2 Bg6 11.Nh4 Ba3 12.Bxa3 Qxa3 13.Nxg6 hxg6 14.d4 Qe7 15.e4 dxe4
16.Nxe4 Nxe4 17.Qxe4 Nf6 18.Qe5 Rfd8 19.Rad1 Qd6 20.f4 Rd7 21.Bf3 Rad8 22.Qc5 a6
23.b4 Kf8 24.Kf2 Ke7 25.Ke3 Rc7 26.a4 b5 27.axb5 axb5 28.Qxd6+ Kxd6 29.c5+ Kd7
30.Ra1 Nd5+ 31.Bxd5 exd5 32.f5 gxf5 33.Rxf5 f6 34.g4 Ke6 35.Rf2 Rh8 36.Re2 Rh3+
37.Kd2+ Kf7 38.Kc2 Kg6 39.Ra6 Kf7 40.Ra1 Rf3 41.g5 fxg5 42.Rg2 Kf6 43.Ra8 Kg6
44.h4 Rf5 45.Re8 Rcf7 46.Re6+ R7f6 47.Rd6 Kh5 48.hxg5 Rxg5 49.Re2 Rgg6 50.Rd7 Rg4
51.Kd3 g5 52.Rh7+ Kg6 53.Reh2 Rf3+ 54.Ke2 Rb3 55.R2h6+ Kf5 56.Rxc6 Ke4 57.Re6+ Kxd4
58.c6 Rg2+ 59.Kf1 Rc2 60.c7 Rxb4 61.Rg7 Rb1+ 62.Re1 Rxe1+ 63.Kxe1 b4  0-1

[Event "ch-FIN"]
[Site "Mantta FIN"]
[Date "2008.06.10"]
[Round "9"]
[White "Kosmo,S"]
[Black "Hurme,H"]
[Result "1/2-1/2"]
[WhiteElo "2219"]
[BlackElo "2221"]

1.Nf3 d5 2.c4 e6 3.d4 Nf6 4.Nc3 Be7 5.Bg5 h6 6.Bh4 O-O 7.e3 Nbd7 8.Rc1 b6
9.Bd3 c5 10.O-O Bb7 11.cxd5 Nxd5 12.Bg3 cxd4 13.exd4 N7f6 14.Bb1 Nxc3 15.Rxc3 Be4
16.Be5 Bxb1 17.Qxb1 Nd5 18.Rd3 Rc8 19.Nd2 f6 20.Bg3 Nb4 21.Re3 e5 22.Nb3 Nd5
23.Ree1 exd4 24.Nxd4 Qd7 25.Nf5 Rfd8 26.Qe4 Bf8 27.h3 Qf7 28.Rd1 g6  1/2-1/2

[Event "TCh-BIH w"]
[Site "Neum BIH"]
[Date "2008.06.10"]
[Round "7"]
[White "Vujic Katanic,B"]
[Black "Petrovic,A"]
[Result "1/2-1/2"]
[WhiteElo "2104"]
[BlackElo "2068"]

1.Nf3 d5 2.c4 dxc4 3.e3 Nc6 4.Bxc4 e6 5.O-O Nf6 6.d4 Be7 7.Nc3 O-O 8.a3 a6
9.Qe2 b5 10.Bd3 Bb7 11.Rd1 Na5 12.Bc2 h6 13.e4 Nh7 14.Qd3 f5 15.d5 Nf6 16.exf5 exd5
17.Nd4 Qc8 18.Qg3 Kh8 19.Ne6 Rf7 20.Nxc7 Bd6 21.Qxd6 Rxc7 22.Qf4 Rc4 23.Rd4 Nc6
24.Rxc4 dxc4 25.Qh4 Qf8 26.Bg5 Nh7 27.Be3 Rd8 28.Rd1 Rxd1+ 29.Nxd1 Qd6 30.h3 Ne5
31.Qd4 Qd5 32.Qxd5 Bxd5 33.Bd4 Nc6 34.Bc5  1/2-1/2

[Event "Open"]
[Site "Teplice CZE"]
[Date "2008.06.15"]
[Round "2"]
[White "Safr,J"]
[Black "Slivova,V"]
[Result "1-0"]
[WhiteElo "1784"]
[BlackElo "1468"]

1.Nf3 d5 2.c4 e6 3.b3 Nf6 4.g3 Be7 5.Bg2 c5 6.d4 O-O 7.Bb2 Nbd7 8.O-O Qc7
9.Nbd2 b6 10.Rc1 dxc4 11.Rxc4 Ba6 12.Rc2 Qd8 13.Ne5 Rc8 14.Nc6 Qe8 15.Nxa7 Rc7
16.Nc6 Bb7 17.Nxe7+ Qxe7 18.f3 Ra8 19.a4 Rac8 20.e4 cxd4 21.Rxc7 Rxc7 22.Bxd4 e5
23.Be3 Nc5 24.Nc4 Rd7 25.Qc2 Rc7 26.Rc1 Ne8 27.Nxb6 Nxa4 28.Qd2 Nxb6 29.Bxb6 Rd7
30.Qc3 Qe6 31.Ba5 Nd6 32.b4 h6 33.Bf1 Nc8 34.b5 Kh8 35.Kg2 f5 36.Bc4 Qg6
37.exf5 Qxf5 38.Rf1 e4 39.fxe4 Bxe4+ 40.Kg1 Qc5+ 41.Rf2 Rd1+ 42.Bf1 Qxc3
43.Bxc3 Nd6 44.Rd2 Rxd2 45.Bxd2 Nxb5 46.Bxb5  1-0